[Event "Skalica Open 2019"]
[Site "Skalica"]
[Date "2019.08.29"]
[Round "6.14"]
[White "Kalisky, Vladimir"]
[Black "Havelka, Ondrej"]
[Result "1-0"]
[WhiteElo "2179"]
[BlackElo "2112"]
[Annotator "ChessBase"]
[PlyCount "127"]
[EventDate "2019.08.25"]
[EventType "swiss"]
[EventCountry "SVK"]
[SourceTitle "playchess.com"]
[Source "ChessBase"]
[SourceQuality "1"]
[TimeControl "40/5400+30:1800+30"]

1. g3 {[%emt 0:00:00]} d5 {[%emt 0:00:00]} 2. Bg2 {[%emt 0:00:00]} e5 {[%emt 0:00:19]} 3. d3 {[%emt 0:00:00]} Nf6 {[%emt 0:01:48]} 4. Nf3 {[%emt 0:00:05]} Nc6 {[%emt 0:01:18]} 5. O-O {[%emt 0:00:20]} Bg4 {[%emt 0:09:44]} 6. c4 {[%emt 0:04:25]} dxc4 {[%emt 0:14:34]} 7. Qa4 {[%emt 0:16:24]} Qd7 {[%emt 0:05:56]} 8. Qxc4 {[%emt 0:16:10]} Bd6 {[%emt 0:11:48]} 9. Bg5 {[%emt 0:02:29]} Bh3 {[%emt 0:05:34]} 10. Nc3 {[%emt 0:00:34]} Bxg2 {[%emt 0:11:01]} 11. Kxg2 {[%emt 0:00:03]} O-O-O {[%emt 0:01:51]} 12. Rfc1 {[%emt 0:01:39]} h6 {[%emt 0:01:09]} 13. Bxf6 {[%emt 0:04:27]} gxf6 {[%emt 0:00:02]} 14. Rab1 {[%emt 0:00:54]} Qe6 {[%emt 0:03:03]} 15. Qa4 {[%emt 0:08:52]} f5 {[%emt 0:02:32]} 16. e4 {[%emt 0:14:48]} Bc5 {[%emt 0:03:59]} 17. Nd5 {[%emt 0:01:21]} Rxd5 {[%emt 0:00:49]} 18. exd5 {[%emt 0:00:09]} Qxd5 {[%emt 0:00:01]} 19. Qc4 {[%emt 0:00:45]} Qxc4 {[%emt 0:00:34]} 20. Rxc4 {[%emt 0:00:53]} Bb6 {[%emt 0:00:23]} 21. Rxc6 {[%emt 0:01:49]} bxc6 {[%emt 0:00:02]} 22. Nxe5 {[%emt 0:00:12]} Re8 {[%emt 0:00:49]} 23. d4 {[%emt 0:07:25]} Bxd4 {[%emt 0:01:04]} 24. Nxc6 {[%emt 0:00:02]} Bb6 {[%emt 0:00:24]} 25. Kf3 {[%emt 0:00:10]} a5 {[%emt 0:04:13]} 26. Rd1 {[%emt 0:00:55]} Re6 {[%emt 0:03:32]} 27. Nd8 {[%emt 0:01:03]} Re7 {[%emt 0:00:31]} 28. Rd5 {[%emt 0:03:07]} f6 {[%emt 0:01:52]} 29. Nc6 {[%emt 0:01:33]} Re1 {[%emt 0:01:45]} 30. b3 {[%emt 0:02:17]} h5 {[%emt 0:05:57]} 31. h4 {[%emt 0:01:58]} Rf1 {[%emt 0:02:26]} 32. Ne7+ {[%emt 0:01:01]} Kb7 {[%emt 0:00:05]} 33. Rd2 {[%emt 0:00:08]} f4 {[%emt 0:00:28]} 34. gxf4 {[%emt 0:00:22]} Rh1 {[%emt 0:00:28]} 35. Nd5 {[%emt 0:04:43]} Rxh4 {[%emt 0:01:06]} 36. Nxf6 {[%emt 0:00:13]} Rh1 {[%emt 0:00:13]} 37. f5 {[%emt 0:00:57]} h4 {[%emt 0:00:31]} 38. Nd5 {[%emt 0:01:56]} Bc5 {[%emt 0:00:29]} 39. Kg2 Re1 {[%emt 0:00:21]} 40. f6 {[%emt 0:01:51]} Re5 {[%emt 0:01:06]} 41. Ne3 {[%emt 0:32:55]} Bxe3 {[%emt 0:36:05]} 42. fxe3 {[%emt 0:00:12]} Rf5 {[%emt 0:00:01]} 43. Rf2 {[%emt 0:00:00]} h3+ {[%emt 0:00:00]} 44. Kg3 {[%emt 0:00:00]} h2 {[%emt 0:00:00]} 45. Rxh2 {[%emt 0:00:00]} Rxf6 {[%emt 0:00:00]} 46. Rh5 {[%emt 0:00:00]} Kb6 {[%emt 0:00:00]} 47. e4 {[%emt 0:00:00]} c5 {[%emt 0:00:00]} 48. e5 {[%emt 0:00:00]} Rf1 {[%emt 0:00:00]} 49. Rh2 {[%emt 0:00:00]} Re1 {[%emt 0:00:00]} 50. Kf4 {[%emt 0:00:00]} Kb5 {[%emt 0:00:00]} 51. Rc2 {[%emt 0:00:00]} Kb4 {[%emt 0:00:00]} 52. Rc4+ {[%emt 0:00:00]} Kb5 {[%emt 0:00:00]} 53. Re4 {[%emt 0:00:00]} Rf1+ {[%emt 0:00:00]} 54. Kg5 {[%emt 0:00:00]} Kc6 {[%emt 0:00:00]} 55. e6 {[%emt 0:00:00]} Rg1+ {[%emt 0:00:00]} 56. Kf6 {[%emt 0:00:00]} Rf1+ {[%emt 0:00:00]} 57. Ke7 {[%emt 0:00:00]} Rf2 {[%emt 0:00:00]} 58. Ra4 {[%emt 0:00:00]} Kb6 {[%emt 0:00:00]} 59. Ke8 {[%emt 0:00:00]} Re2 {[%emt 0:00:00]} 60. e7 {[%emt 0:00:00]} Rf2 {[%emt 0:00:00]} 61. Rc4 {[%emt 0:00:00]} Rxa2 {[%emt 0:00:00]} 62. Rf4 {[%emt 0:00:00]} a4 {[%emt 0:00:00]} 63. Kf7 {[%emt 0:00:00]} axb3 {[%emt 0:00:00]} 64. e8=Q {[%emt 0:00:00]} 1-0

[Event "Skalica Open 2019"]
[Site "Skalica"]
[Date "2019.08.29"]
[Round "6.16"]
[White "Jun, Rudolf Jr."]
[Black "Kapusta, Petr"]
[Result "1-0"]
[WhiteElo "2114"]
[BlackElo "2157"]
[Annotator "ChessBase"]
[PlyCount "135"]
[EventDate "2019.08.25"]
[EventType "swiss"]
[EventCountry "SVK"]
[SourceTitle "playchess.com"]
[Source "ChessBase"]
[SourceQuality "1"]
[TimeControl "40/5400+30:1800+30"]

1. e4 {[%emt 0:00:00]} c5 {[%emt 0:03:00]} 2. Nf3 {[%emt 0:00:00]} d6 {[%emt 0:00:06]} 3. Bb5+ {[%emt 0:00:43]} Bd7 {[%emt 0:00:09]} 4. Bxd7+ {[%emt 0:00:06]} Nxd7 {[%emt 0:00:07]} 5. c4 {[%emt 0:00:11]} Ngf6 {[%emt 0:00:15]} 6. Nc3 {[%emt 0:00:06]} Ne5 {[%emt 0:01:20]} 7. O-O {[%emt 0:01:51]} e6 {[%emt 0:01:08]} 8. d3 {[%emt 0:07:42]} Be7 {[%emt 0:01:45]} 9. Nxe5 {[%emt 0:02:45]} dxe5 {[%emt 0:00:08]} 10. Qa4+ {[%emt 0:00:31]} Nd7 {[%emt 0:04:15]} 11. Be3 {[%emt 0:00:40]} O-O {[%emt 0:00:13]} 12. a3 {[%emt 0:00:17]} Nf6 {[%emt 0:03:06]} 13. Qd1 {[%emt 0:00:41]} Qd7 {[%emt 0:01:24]} 14. Qe2 {[%emt 0:00:49]} a6 {[%emt 0:00:36]} 15. Kh1 {[%emt 0:01:21]} Rfd8 {[%emt 0:01:04]} 16. Rfd1 {[%emt 0:00:27]} Qc6 {[%emt 0:09:27]} 17. Bg5 {[%emt 0:03:11]} h6 {[%emt 0:02:22]} 18. Be3 {[%emt 0:10:49]} Rd7 {[%emt 0:04:48]} 19. f3 {[%emt 0:00:18]} Rad8 {[%emt 0:02:24]} 20. Rd2 {[%emt 0:00:22]} Nh5 {[%emt 0:00:09]} 21. g3 {[%emt 0:01:42]} Kh7 {[%emt 0:04:18]} 22. Rad1 {[%emt 0:01:23]} g6 {[%emt 0:00:17]} 23. f4 {[%emt 0:04:30]} Bf6 {[%emt 0:02:47]} 24. Qf2 {[%emt 0:02:40]} b6 {[%emt 0:05:15]} 25. fxe5 {[%emt 0:01:30]} Bxe5 {[%emt 0:00:29]} 26. g4 {[%emt 0:00:10]} Nf6 {[%emt 0:03:42]} 27. Qf3 {[%emt 0:03:23]} Ng8 {[%emt 0:05:40]} 28. Ne2 {[%emt 0:02:33]} f5 {[%emt 0:01:27]} 29. gxf5 {[%emt 0:01:04]} exf5 {[%emt 0:03:04]} 30. Ng3 {[%emt 0:02:52]} Bxg3 {[%emt 0:04:00]} 31. hxg3 {[%emt 0:01:06]} Nf6 {[%emt 0:03:28]} 32. Kg1 {[%emt 0:01:34]} fxe4 {[%emt 0:07:48]} 33. dxe4 {[%emt 0:00:11]} Rxd2 {[%emt 0:00:18]} 34. Rxd2 {[%emt 0:00:18]} Rxd2 {[%emt 0:00:06]} 35. Bxd2 {[%emt 0:00:05]} Qe6 {[%emt 0:05:15]} 36. e5 {[%emt 0:00:39]} Nd7 {[%emt 0:00:17]} 37. Bc3 {[%emt 0:02:34]} Kg7 {[%emt 0:02:00]} 38. Qe4 {[%emt 0:00:24]} Kf7 {[%emt 0:04:58]} 39. Qf4+ {[%emt 0:01:06]} Kg7 {[%emt 0:02:47]} 40. Qe4 {[%emt 0:02:07]} h5 {[%emt 0:00:11]} 41. a4 {[%emt 0:33:25]} Kf7 {[%emt 0:30:51]} 42. Qf3+ {[%emt 0:00:21]} Ke7 {[%emt 0:00:37]} 43. Qe4 {[%emt 0:00:09]} Qg4 {[%emt 0:01:14]} 44. Qd3 {[%emt 0:00:34]} Ke8 {[%emt 0:03:10]} 45. Kh2 {[%emt 0:01:32]} h4 {[%emt 0:00:27]} 46. gxh4 {[%emt 0:00:26]} Qxh4+ {[%emt 0:00:07]} 47. Kg2 {[%emt 0:00:31]} Qg5+ {[%emt 0:00:20]} 48. Kh1 {[%emt 0:01:00]} Qh5+ {[%emt 0:03:32]} 49. Kg1 {[%emt 0:02:06]} Qg4+ {[%emt 0:00:05]} 50. Kh2 {[%emt 0:00:28]} Qe6 {[%emt 0:01:16]} 51. Qe4 {[%emt 0:00:15]} Ke7 {[%emt 0:01:13]} 52. Qh4+ {[%emt 0:00:16]} Ke8 {[%emt 0:00:25]} 53. Qe4 {[%emt 0:00:05]} a5 {[%emt 0:00:45]} 54. Kg3 {[%emt 0:00:29]} Kd8 {[%emt 0:00:56]} 55. Qa8+ {[%emt 0:00:31]} Ke7 {[%emt 0:01:10]} 56. Qe4 {[%emt 0:00:07]} Kd8 {[%emt 0:04:39]} 57. Qa8+ {[%emt 0:00:06]} Kc7 {[%emt 0:00:20]} 58. Qa7+ {[%emt 0:00:19]} Kc8 {[%emt 0:00:15]} 59. Qa8+ {[%emt 0:00:08]} Kc7 {[%emt 0:00:00]} 60. Qa7+ {[%emt 0:00:00]} Kd8 {[%emt 0:00:00]} 61. Qa8+ {[%emt 0:00:00]} Ke7 {[%emt 0:00:00]} 62. Qe4 {[%emt 0:00:00]} Kf7 {[%emt 0:00:00]} 63. Qf3+ {[%emt 0:00:00]} Kg8 {[%emt 0:00:00]} 64. Qd5 {[%emt 0:00:00]} Nf8 {[%emt 0:00:00]} 65. Qd8 {[%emt 0:00:00]} Kg7 {[%emt 0:00:00]} 66. Qc7+ {[%emt 0:00:00]} Kh6 {[%emt 0:00:00]} 67. Qd8 {[%emt 0:00:00]} Nd7 {[%emt 0:00:00]} 68. Qh8+ {Kg7} 1-0

[Event "Skalica Open 2019"]
[Site "Skalica"]
[Date "2019.08.29"]
[Round "6.17"]
[White "Sefcik, Marek"]
[Black "Benes, Miroslav"]
[Result "1-0"]
[WhiteElo "2024"]
[BlackElo "2107"]
[Annotator "ChessBase"]
[PlyCount "99"]
[EventDate "2019.08.25"]
[EventType "swiss"]
[EventCountry "SVK"]
[SourceTitle "playchess.com"]
[Source "ChessBase"]
[SourceQuality "1"]
[TimeControl "40/5400+30:1800+30"]

1. e4 {[%emt 0:00:06]} c5 {[%emt 0:00:10]} 2. Nf3 {[%emt 0:00:07]} g6 {[%emt 0:00:15]} 3. d4 {[%emt 0:00:16]} Bg7 {[%emt 0:00:34]} 4. dxc5 {[%emt 0:09:53]} Qa5+ {[%emt 0:00:11]} 5. Bd2 {[%emt 0:03:59]} Qxc5 {[%emt 0:01:25]} 6. Bc3 {[%emt 0:00:24]} Nf6 {[%emt 0:01:53]} 7. Bd3 {[%emt 0:00:43]} O-O {[%emt 0:04:03]} 8. O-O {[%emt 0:01:16]} d6 {[%emt 0:00:44]} 9. Nbd2 {[%emt 0:06:54]} Nbd7 {[%emt 0:03:33]} 10. h3 {[%emt 0:10:28]} b6 {[%emt 0:00:55]} 11. Re1 {[%emt 0:11:51]} Bb7 {[%emt 0:00:29]} 12. a4 {[%emt 0:00:47]} a6 {[%emt 0:00:25]} 13. Qe2 {[%emt 0:03:32]} Qc6 {[%emt 0:07:27]} 14. Nb3 {[%emt 0:04:56]} Bh6 {[%emt 0:11:38]} 15. Bd2 {[%emt 0:02:48]} Bg7 {[%emt 0:00:11]} 16. Bc3 {[%emt 0:05:56]} Rfe8 {[%emt 0:03:58]} 17. Qe3 {[%emt 0:01:57]} e5 {[%emt 0:06:34]} 18. Nfd2 {[%emt 0:08:17]} d5 {[%emt 0:05:19]} 19. Qf3 {[%emt 0:01:17]} Qc7 {[%emt 0:04:47]} 20. a5 {[%emt 0:04:02]} b5 {[%emt 0:01:48]} 21. Bb4 {[%emt 0:05:01]} Rac8 {[%emt 0:07:04]} 22. c3 {[%emt 0:03:06]} Qb8 {[%emt 0:03:23]} 23. Qe3 {[%emt 0:01:17]} Qc7 {[%emt 0:03:05]} 24. Rad1 {[%emt 0:01:20]} Nh5 {[%emt 0:00:52]} 25. g3 {[%emt 0:03:52]} Nhf6 {[%emt 0:04:00]} 26. f3 {[%emt 0:01:05]} Nh5 {[%emt 0:03:24]} 27. Qf2 {[%emt 0:01:27]} Bh6 {[%emt 0:06:45]} 28. Nf1 {[%emt 0:03:15]} Bg7 {[%emt 0:03:36]} 29. Kh2 {[%emt 0:02:25]} Nhf6 {[%emt 0:01:44]} 30. Qe2 {[%emt 0:01:14]} h5 {[%emt 0:00:46]} 31. Qf2 {[%emt 0:00:47]} d4 {[%emt 0:02:26]} 32. Bb1 {[%emt 0:00:35]} dxc3 {[%emt 0:04:10]} 33. bxc3 {[%emt 0:00:15]} Bf8 {[%emt 0:00:20]} 34. Ba2 {[%emt 0:01:03]} Red8 {[%emt 0:01:45]} 35. Qb2 {[%emt 0:00:37]} h4 {[%emt 0:01:35]} 36. g4 {[%emt 0:00:14]} Bh6 {[%emt 0:01:10]} 37. Qf2 {[%emt 0:00:19]} Bf4+ {[%emt 0:00:08]} 38. Kg2 {[%emt 0:00:43]} g5 {[%emt 0:00:33]} 39. Rd3 {[%emt 0:00:37]} Nf8 {[%emt 0:02:50]} 40. Rxd8 {[%emt 0:00:33]} Rxd8 {[%emt 0:00:03]} 41. Qb6 {[%emt 0:04:31]} Qxb6 {[%emt 0:13:04]} 42. axb6 {[%emt 0:00:07]} Ne6 {[%emt 0:02:06]} 43. Be7 {[%emt 0:00:22]} Rd7 {[%emt 0:03:21]} 44. Bxf6 {[%emt 0:00:16]} Kh7 {[%emt 0:00:07]} 45. Na5 {[%emt 0:00:29]} Nc5 {[%emt 0:02:23]} 46. Nxb7 {[%emt 0:00:57]} Nxb7 {[%emt 0:00:21]} 47. Bd5 {[%emt 0:00:11]} Kg6 {[%emt 0:00:16]} 48. Bxb7 {[%emt 0:00:12]} Rxb7 {[%emt 0:00:36]} 49. Bd8 {[%emt 0:00:11]} Rd7 {[%emt 0:00:11]} 50. Bc7 {[%emt 0:00:22]} 1-0

[Event "Skalica Open 2019"]
[Site "Skalica"]
[Date "2019.08.29"]
[Round "6.18"]
[White "Gresova, Zuzana"]
[Black "Lhotska, Anna"]
[Result "1/2-1/2"]
[WhiteElo "2008"]
[BlackElo "1966"]
[Annotator "NA"]
[PlyCount "91"]
[EventDate "2019.08.25"]
[EventType "swiss"]
[EventCountry "SVK"]
[SourceTitle "playchess.com"]
[Source "ChessBase"]
[SourceQuality "1"]
[TimeControl "40/5400+30:1800+30"]

1. d4 {[%emt 0:00:00]} Nf6 {[%emt 0:00:00]} 2. c4 {[%emt 0:00:00]} e6 {[%emt 0:00:00]} 3. Nf3 {[%emt 0:00:07]} b6 {[%emt 0:00:00]} 4. g3 {[%emt 0:01:36]} Bb7 {[%emt 0:00:32]} 5. Bg2 {[%emt 0:00:23]} Be7 {[%emt 0:01:00]} 6. O-O {[%emt 0:01:24]} O-O {[%emt 0:01:38]} 7. Nc3 {[%emt 0:01:14]} Ne4 {[%emt 0:08:23]} 8. Qc2 {[%emt 0:03:33]} Nxc3 {[%emt 0:06:45]} 9. Qxc3 {[%emt 0:00:44]} c5 {[%emt 0:01:27]} 10. e3 {[%emt 0:03:09]} d6 {[%emt 0:07:56]} 11. a3 {[%emt 0:02:28] E19: Queen's Indian: Old Main Line with 7...Ne4 8 Qc2 Nxc3 8 Qxc3} Nd7 {[%emt 0:01:46]} 12. b4 {[%emt 0:04:28]} Rc8 $146 {[%emt 0:05:45]} ({Predecessor:} 12... Bf6 13. Bb2 Rc8 14. Rac1 Re8 15. Rfd1 {1-0 (71) Farias,I (1872)-Benayon,E (1814) Manaus 2017}) 13. Qd3 {[%emt 0:03:12]} Qc7 {[%emt 0:08:57]} 14. Nd2 {[%emt 0:05:10]} Bxg2 {[%emt 0:02:05]} 15. Kxg2 {[%emt 0:00:14]} cxd4 {[%emt 0:02:06]} 16. exd4 {[%emt 0:01:05]} Bg5 {[%emt 0:02:57]} 17. f4 {[%emt 0:03:21]} Bf6 {[%emt 0:00:30]} 18. Bb2 {[%emt 0:03:14]} Qb7+ {[%emt 0:17:40]} 19. Kg1 {[%emt 0:02:13]} Rc7 {[%emt 0:00:45]} 20. Rac1 {[%emt 0:01:10]} Rfc8 {[%emt 0:00:28]} 21. Ne4 {[%emt 0:02:25]} Be7 {[%emt 0:00:46]} 22. d5 {[%emt 0:05:23]} exd5 {[%emt 0:01:14]} 23. cxd5 {[%emt 0:01:22]} Rxc1 {[%emt 0:02:39]} 24. Rxc1 {[%emt 0:01:10]} Rxc1+ {[%emt 0:00:19]} 25. Bxc1 {[%emt 0:00:13]} Nf6 {[%emt 0:04:31]} 26. Nxf6+ {[%emt 0:02:29]} Bxf6 {[%emt 0:00:11]} 27. a4 {[%emt 0:02:29]} g6 {[%emt 0:03:25]} 28. Qc4 {[%emt 0:02:38]} Qe7 {[%emt 0:02:41]} 29. Bd2 {[%emt 0:02:20]} Qd7 {[%emt 0:01:56]} 30. b5 {[%emt 0:07:19]} Qg4 {[%emt 0:01:41]} 31. Kf2 {[%emt 0:04:40]} Qd1 {[%emt 0:01:07]} 32. Be3 {[%emt 0:03:45]} Qh1 {[%emt 0:01:05]} 33. h4 {[%emt 0:01:01]} Qh2+ {[%emt 0:01:50]} 34. Kf3 {[%emt 0:00:48]} Qh1+ {[%emt 0:06:12]} 35. Kf2 {[%emt 0:02:28]} Qa1 {[%emt 0:00:34]} 36. Kg2 {[%emt 0:02:55]} Qb2+ {[%emt 0:01:29]} 37. Kg1 {[%emt 0:01:25]} Qa3 {[%emt 0:00:51]} 38. Bf2 {[%emt 0:01:42]} Qa1+ {[%emt 0:01:48]} 39. Kg2 {[%emt 0:00:34]} Qa3 {[%emt 0:01:21]} 40. Qe4 {[%emt 0:03:12]} Qb3 $11 {[%emt 0:01:17]} 41. f5 {[%emt 0:35:07]} Be5 {[%emt 0:32:07]} 42. fxg6 {[%emt 0:02:05]} hxg6 {[%emt 0:00:27]} 43. g4 {[%emt 0:01:15]} Qd1 {[%emt 0:00:00]} 44. Qc4 {[%emt 0:00:00]} Qd2 {[%emt 0:00:00]} 45. Qe4 Qd1 46. Qc4 1/2-1/2

[Event "Skalica Open 2019"]
[Site "Skalica"]
[Date "2019.08.29"]
[Round "6.19"]
[White "Kuna, Martin"]
[Black "Rakovsky, Jakub"]
[Result "1/2-1/2"]
[WhiteElo "1969"]
[BlackElo "1765"]
[Annotator "NA"]
[PlyCount "115"]
[EventDate "2019.08.25"]
[EventType "swiss"]
[EventCountry "SVK"]
[SourceTitle "playchess.com"]
[Source "ChessBase"]
[SourceQuality "1"]
[TimeControl "40/5400+30:1800+30"]

1. e4 {[%emt 0:00:16]} c5 {[%emt 0:00:40]} 2. Nc3 {[%emt 0:00:33]} d6 {[%emt 0:00:25]} 3. g3 {[%emt 0:01:12]} Nc6 {[%emt 0:00:54]} 4. Bg2 {[%emt 0:00:47]} Nf6 {[%emt 0:00:08]} 5. d3 {[%emt 0:00:39]} e5 {[%emt 0:03:09]} 6. Nge2 {[%emt 0:03:37]} Nd4 {[%emt 0:01:32] B24: Closed Sicilian: 3 g3 sidelines} (6... Be7 7. O-O O-O 8. f4 Rb8 9. a4 a6 10. fxe5 dxe5 11. Nd5 Nxd5 12. exd5 Nb4 13. c4 Bg4 14. Be3 b6 15. Qd2 {1-0 (107) Predke,A (2622)-Zhigalko,S (2604) St Petersburg 2018}) 7. Nxd4 {[%emt 0:02:28]} cxd4 {[%emt 0:01:40]} 8. Ne2 {[%emt 0:00:03]} Bg4 $146 {[%emt 0:03:25]} ({Predecessor:} 8... Be7 9. O-O Bg4 10. h3 Bd7 11. f4 Rc8 12. c4 b5 13. b3 Qb6 14. Kh2 O-O 15. f5 bxc4 16. bxc4 Rb8 17. g4 {0-1 (39) Theriault,F (1621)-Boulianne,G (1828) Quebec 2015}) 9. f3 {[%emt 0:02:27]} Be6 {[%emt 0:03:39]} 10. O-O {[%emt 0:00:49]} d5 {[%emt 0:06:30]} 11. f4 {[%emt 0:06:10]} dxe4 {[%emt 0:02:07]} (11... Bd6 $14) 12. fxe5 {[%emt 0:01:19]} exd3 {[%emt 0:02:25] [#]} 13. Qxd3 {[%emt 0:16:40]} ({Less strong is} 13. exf6 dxe2 14. Qxe2 Qb6 $16) ({But not} 13. cxd3 $6 Nd5 $16) ({Only move:} 13. Nf4 $1 $18 Nd5 14. Nxe6 (14. Nxd3 Rc8 $11) (14. Qxd3 Nxf4 15. gxf4 Qc7 $16) 14... fxe6 15. Qxd3 (15. Qf3 Qd7 $16)) 13... Nd7 {[%emt 0:00:46]} 14. Nxd4 {[%emt 0:10:36]} ({Much less strong is} 14. Bxb7 $6 Rb8 $16) 14... Qb6 {[%emt 0:08:42]} (14... Bc5 $16 {is a better defense.} 15. Be3 (15. Bxb7 Rb8 $11) 15... O-O 16. Nxe6 (16. Bxb7 Bh3 $16) 16... Bxe3+ 17. Qxe3 fxe6 18. Rxf8+ (18. Bxb7 Rb8 $18) 18... Nxf8 19. Bxb7 Rb8) 15. Kh1 {[%emt 0:02:29]} Nc5 {[%emt 0:13:30]} 16. Qb5+ {[%emt 0:08:47]} Qxb5 {[%emt 0:02:35]} 17. Nxb5 {[%emt 0:01:47]} O-O-O {[%emt 0:00:31]} 18. Bg5 {[%emt 0:07:06]} Rd7 {[%emt 0:01:16]} 19. Rad1 {[%emt 0:04:17]} Bc4 {[%emt 0:10:44]} 20. Bh3 {[%emt 0:00:05]} Bxf1 {[%emt 0:11:52]} 21. Bxd7+ {[%emt 0:02:20]} Nxd7 {[%emt 0:00:19]} 22. Rxf1 {[%emt 0:00:48]} Nxe5 {[%emt 0:00:32]} 23. Nxa7+ {[%emt 0:01:28]} Kd7 {[%emt 0:00:56]} 24. Nb5 {[%emt 0:01:35]} Bc5 {[%emt 0:06:17]} 25. Rd1+ {[%emt 0:01:29]} Kc6 {[%emt 0:00:38]} 26. Nd4+ {[%emt 0:11:08]} Bxd4 {[%emt 0:01:04]} 27. Rxd4 {[%emt 0:00:06]} Nf3 {[%emt 0:00:34]} 28. Rc4+ {[%emt 0:01:22]} Kd5 {[%emt 0:01:53]} 29. Rf4 {[%emt 0:00:11]} Nxg5 {[%emt 0:01:02]} 30. Rf5+ {[%emt 0:00:06]} Kd6 {[%emt 0:00:14]} 31. Rxg5 {[%emt 0:00:07]} g6 {[%emt 0:00:14]} 32. Rb5 {[%emt 0:00:18]} Kc6 {[%emt 0:00:04]} 33. Re5 {[%emt 0:00:26]} Kd6 {[%emt 0:00:26]} 34. Re3 {[%emt 0:01:04]} Ra8 {[%emt 0:02:17]} 35. a3 {[%emt 0:01:04]} Rc8 {[%emt 0:00:16]} 36. Rd3+ {[%emt 0:00:34]} Ke6 {[%emt 0:00:14]} 37. c3 {[%emt 0:00:09]} Rc6 {[%emt 0:01:30]} 38. a4 {[%emt 0:01:00]} Ra6 {[%emt 0:04:26]} 39. b3 {[%emt 0:00:07]} Rb6 {[%emt 0:00:05]} 40. b4 {[%emt 0:00:08]} Rc6 {[%emt 0:01:58]} 41. Kg2 {[%emt 0:31:26]} f5 {[%emt 0:30:35]} 42. h4 {[%emt 0:02:10]} h6 {[%emt 0:00:57]} 43. Kf3 $14 {[%emt 0:01:04]} ({White should play} 43. Kf2 $16) 43... Rc4 {[%emt 0:01:18]} 44. a5 {[%emt 0:05:46]} g5 {[%emt 0:02:07]} 45. hxg5 {[%emt 0:00:04]} hxg5 {[%emt 0:00:06]} 46. Ke2 {[%emt 0:04:08]} Rg4 {[%emt 0:01:37]} 47. Rf3 {[%emt 0:00:00]} Rc4 {[%emt 0:00:00]} 48. Kd3 {[%emt 0:00:00]} Rc7 {[%emt 0:00:00]} 49. Kd4 {[%emt 0:00:00]} Rf7 {[%emt 0:00:00]} 50. Kc5 {[%emt 0:00:00]} f4 {[%emt 0:00:00]} 51. gxf4 {[%emt 0:00:00]} gxf4 {[%emt 0:00:00]} 52. Kb6 {[%emt 0:00:00]} Kd5 {[%emt 0:00:00]} 53. b5 {[%emt 0:00:00]} Ke4 {[%emt 0:00:00]} 54. Rh3 {[%emt 0:00:00]} f3 {[%emt 0:00:00]} 55. Rxf3 {[%emt 0:00:00]} Kxf3 {[%emt 0:00:00]} 56. a6 {[%emt 0:00:00]} bxa6 57. bxa6 Ke3 58. c4 1/2-1/2

[Event "Skalica Open 2019"]
[Site "Skalica"]
[Date "2019.08.29"]
[Round "6.20"]
[White "Chan, Naruna"]
[Black "Kovarikova, Maria"]
[Result "1-0"]
[WhiteElo "1950"]
[BlackElo "1854"]
[Annotator "NA"]
[PlyCount "67"]
[EventDate "2019.08.25"]
[EventType "swiss"]
[EventCountry "SVK"]
[SourceTitle "playchess.com"]
[Source "ChessBase"]
[SourceQuality "1"]
[TimeControl "40/5400+30:1800+30"]

1. e4 {[%emt 0:00:00]} e5 {[%emt 0:00:00]} 2. Nf3 {[%emt 0:00:00]} Nc6 {[%emt 0:00:00]} 3. Bb5 {[%emt 0:00:00]} g6 {[%emt 0:01:35]} 4. O-O {[%emt 0:01:08]} Bg7 {[%emt 0:00:23]} 5. c3 {[%emt 0:03:18]} Nge7 {[%emt 0:00:27]} 6. d4 {[%emt 0:00:22]} O-O {[%emt 0:02:22]} 7. Bg5 {[%emt 0:09:00] C60: Ruy Lopez: Unusual Black 3rd moves and 3...g6} f6 {[%emt 0:04:27]} 8. Bh4 {[%emt 0:01:07]} g5 $146 {[%emt 0:08:43]} ({Predecessor:} 8... exd4 9. cxd4 d5 10. exd5 Nxd5 11. Nc3 Nce7 12. Nxd5 Nxd5 13. Re1 c6 14. Bc4 Bg4 {1-0 (40) Romanov,E (2479)-Zolnierowicz,K (2287) Warsaw 2005}) 9. Bg3 $1 {[%emt 0:06:58]} Ng6 {[%emt 0:02:53]} 10. dxe5 {[%emt 0:11:38]} fxe5 {[%emt 0:03:57]} 11. Na3 {[%emt 0:10:02]} d6 {[%emt 0:03:48]} 12. Nd2 {[%emt 0:03:10]} Nf4 {[%emt 0:13:58]} 13. Nc2 {[%emt 0:01:18]} Be6 {[%emt 0:01:47]} 14. Ne3 {[%emt 0:00:24]} Ne7 {[%emt 0:01:16]} 15. Bc4 {[%emt 0:04:15]} d5 {[%emt 0:19:04]} 16. exd5 {[%emt 0:02:14]} Nexd5 {[%emt 0:02:30]} 17. Nxd5 {[%emt 0:09:15]} Nxd5 {[%emt 0:10:17]} ({Better is} 17... Bxd5 $14 18. Qb3 c6) 18. Nf3 {[%emt 0:00:48]} g4 {[%emt 0:04:57]} 19. Nxe5 {[%emt 0:00:31]} h5 {[%emt 0:00:17]} 20. f4 $16 {[%emt 0:13:59]} (20. Re1 $18 Re8 21. Qb3) 20... Qd6 {[%emt 0:08:28]} 21. Kh1 {[%emt 0:02:58]} b5 22. Bb3 {[%emt 0:01:01]} c6 {[%emt 0:08:04]} 23. Ng6 {[%emt 0:02:17]} h4 {[%emt 0:01:25]} 24. Nxh4 {[%emt 0:00:43]} Bf7 {[%emt 0:00:31]} 25. Nf5 {[%emt 0:05:25]} Qf6 {[%emt 0:00:11]} 26. Qxg4 {[%emt 0:00:30]} Be6 {[%emt 0:00:40]} 27. Qxg7+ {[%emt 0:00:19]} Qxg7 {[%emt 0:00:06]} 28. Nxg7 {[%emt 0:00:04]} Kxg7 {[%emt 0:00:11]} 29. Rae1 {[%emt 0:00:44]} Rae8 {[%emt 0:00:26]} 30. h3 {[%emt 0:00:46]} Bf5 {[%emt 0:00:41]} 31. Rxe8 {[%emt 0:01:46]} Rxe8 {[%emt 0:00:04]} 32. Bxd5 {[%emt 0:00:12]} cxd5 {[%emt 0:00:05]} 33. Re1 {[%emt 0:00:08]} Re4 {[%emt 0:00:33]} 34. Kg1 {[%emt 0:00:49]} 1-0